000 00390nam a2200121Ia 4500
008 231129s9999||||xx |||||||||||||| ||spa||
020 _a84-320-7852-2
082 _a332.6 / L767i
100 _aLips Ferdinand
245 0 _aLas inversiones : Como se ganan se conservan se incrementan y se pierden las fortunas
264 _aPlaneta
942 _2ddc
_cBKS
999 _c18789
_d18789